000 00921nam a2200265Ia 4500
003 OSt
005 20221005091549.0
006 a|||||r|||| 00| 0
007 ta
008 221004b |||||||| |||| 00| 0 eng d
020 _a9780230211964 (hbk)
_c4266.35
024 _a98165
037 _b426, 28/10/2009, Bhartiya Sahitya Bhawan
_cTextual
040 _aCRL
_cCRL
_beng
041 _2eng
_aeng
082 _aX755.46, P9 (906)
100 _aHarrigan Jane
_9616368
245 0 _aAid and power in the Arab world
_b IMF and world bank policy - based linding in the middle East and North Africa
260 _aNew York
_bPalgrave Macmillian U.S.A
_c2009
300 _axiii, 224p.
_ccm.
650 _aECONOMICS
700 _a El - Said Hamed
_9616369
942 _hX755.46, P9 (906)
_cTEXL
_2cc
999 _c997469
_d997469